000 00442nab a2200145Ia 4500
003 ES-SlBCS
005 20210601125238.0
008 140529s1977 xxu||||| |||| 00| 0 eng d
041 _aeng
100 1 _aHarrington, K. W.
_9155916
245 0 0 _aSantayana and the Humanists on Plato
_c K. W. Harrington
600 1 4 _aSantayana
_9149863
773 0 _tPhilosophy and Phenomenological Research
_gvol. 38, 1977, págs. 66-81
_wRev1411
942 _cAR
999 _c527165
_d527165